| 000 | 00000nam##2200000za#4500 |
| 001 | 9.605134 |
| 003 | CaOODSP |
| 005 | 20210624211948 |
| 007 | cr ||||||||||| |
| 008 | 150406|2008||||xxc|||||o f|0| 0 fre|d |
| 040 | |aCaOODSP|bfre |
| 043 | |an-cn--- |
| 086 | 1 |aTU3-5/08-34F-PDF |
| 110 | 2 |aBureau de la sécurité des transports du Canada. |
| 245 | 10|aImpact avec un plan d'eau sans perte de contrôle de l'hélicoptère Robinson R44 Raven I C-GSVX au lac Simon (Québec), le 3 décembre 2008 |h[ressource électronique] |
| 260 | |aGatineau - Québec : |bBureau de la sécurité des transports du Canada |c[2008]. |
| 300 | |a11p. |
| 490 | 1 |aRapport d'enquête aéronautique |vA08Q0231 |
| 590 | |a13-02-Supp|b2013-01-11 |
| 775 | 08|tControlled flight into water - Robinson R44 Raven I (Helicopter) C-GSVX Lac Simon, Quebec, 03 December 2008 |w(CaOODSP)9.575640 |
| 830 | #0|aRapport d'enquête aéronautique ;|vA08Q0231|w(CaOODSP)9.501229 |
| 856 | 40|ahttp://publications.gc.ca|qPDF|s316 Ko|uhttps://publications.gc.ca/collections/collection_2012/bst-tsb/TU3-5-08-34-fra.pdf|yA08Q0231 |